Every WWE Event with an attendance of greater than 65,000 - Statistics

General Stats
  • This quiz has been taken 19 times
  • The average score is 12 of 20
Answer Stats
Year City Attendance Answer % Correct
1992 London, England 78,927 SummerSlam
73%
2001 Houston, Texas 67,925 WrestleMania 17
73%
2012 Miami, Florida 78,363 WrestleMania 28
73%
1987 Pontiac, Michigan 78,000 WrestleMania 3
73%
2023 Los Angeles, California 67,553 WrestleMania 39
73%
2024 Philadelphia, Pennsylvania 72,755 WrestleMania 40
73%
2007 Detroit, Michigan 72,500 WrestleMania 23
67%
2008 Orlando, Florida 74,635 WrestleMania 24
67%
2015 Santa Clara, California 76,976 WrestleMania 31
67%
2022 Arlington, Texas 65,719 WrestleMania 38
67%
1990 Toronto, Canada 67,678 WrestleMania 6
67%
2009 Houston, Texas 72,744 WrestleMania 25
60%
2010 Glendale, Arizona 72,219 WrestleMania 26
60%
2011 Atlanta, Georgia 71,617 WrestleMania 27
60%
2014 New Orleans, Louisiana 75,167 WrestleMania 30
60%
2016 Arlington, Texas 80,709 WrestleMania 32
60%
2017 Orlando, Florida 75,245 WrestleMania 33
60%
2013 East Rutherford, New Jersey 68,900 WrestleMania 29
53%
2018 Melbourne, Austrailia 70,309 Super Show-Down
47%
2002 Toronto, Canada 68,237 WresltleMania 18
0%
No matching quizzes found
Score Distribution
Percent of People with Each Score
Percentile by Number Answered
Your Score History
You have not taken this quiz